000 00738nam a2200217Ii 4500
003 JO-AjNU
008 230605s9999||||xx |||||||||||||| ||und||
017 _a2012/2/804
040 _aJO-AjNU
_bara
_erda
_cJO-AjNU
041 _aara
050 1 4 _aPJ7577.A2821 2012
100 3 _aتأليفأ بو الشعر،عقيل؛ ترجمة وتحقيق كاظم،عدنان عبد الحميد,
_eauthor
_948290
245 0 0 _aالقدس حرة: نهلة "غصن الزيوت"
250 _aط1
264 3 1 _aعمان:وزارة الثقافة،2012
300 _a239ص
336 _atext
_btxt
_2rdacontent
337 _aunmediated
_bn
_2rdamedia
338 _avolume
_bnc
_2rdacarrier
650 4 _aالقدس-الأدب العربي
_948291
999 _aA21138
_c24706
_d24706